| 000 | 00799nam a2200205Ia 4500 | ||
|---|---|---|---|
| 001 | 15025 | ||
| 003 | GE_BSU | ||
| 008 | 181216s||||||||xx |||||||||||||| ||und|| | ||
| 040 | _cGE_BSU | ||
| 100 | _aВарпаховский, Ф.Л; Содовников,А.С. | ||
| 245 | _aАлгебра. Элементы теории множеств. Линейные уравнения и неравенства. арифметич. векторы матрицы и опеределители. | ||
| 250 | _a2-е изд. | ||
| 260 | _aМосква | ||
| 260 | _bПросвещение. | ||
| 260 | _c1981 | ||
| 300 | _a165стр.22см. | ||
| 653 | _aАлгебра элементы теории множеств. | ||
| 653 | _aвекторы матрицы и опеределители. | ||
| 942 | _cBK | ||
| 999 |
_c48143 _d48143 |
||